Missing Word: Jazz Songs 'D' Quiz Stats

 Plays Quiz Updated Aug 8, 2018

Challenge
Share
Tweet
Embed
Score 0/16 Timer 03:00
1 Play Today
Song Missing Word % Correct
Let's Face the Music and _____Dance
97.1%
The Things We _____ Last SummerDid
97.1%
Ding-Dong! The Witch is _____Dead
96.6%
Between the Devil & the _____ Blue SeaDeep
95.4%
_____ Are a Girl’s Best FriendDiamonds
95.4%
Way _____ Yonder in New OrleansDown
92.9%
Dancing in the _____Dark
90%
Polka _____ and MoonbeamsDots
87.7%
Song Missing Word % Correct
A Foggy _____Day
84%
_____ a Little _____ of MeDream
69.4%
My Heart Belongs to _____Daddy
53.9%
My _____, My _____Darling
48%
Satin _____Doll
47.4%
That Ole _____ Called LoveDevil
45.2%
Waltz for _____Debby
20.1%
On Green _____ StreetDolphin
16.8%

Today's Daily Dose

You're not logged in!

Compare scores with friends on all Sporcle quizzes.
Join for Free
OR
Log In

You Might Also Like...

Show Comments

Extras

Top Quizzes Today


Score Distribution

Your Account Isn't Verified!

In order to create a playlist on Sporcle, you need to verify the email address you used during registration. Go to your Sporcle Settings to finish the process.

Report this User

Report this user for behavior that violates our Community Guidelines.

Details: